Secreto bancario régimen legal
Shranjeno v:
| Glavni avtor: | |
|---|---|
| Format: | Knjiga |
| Jezik: | španščina |
| Izdano: |
Santiago
Ediciones Patmos
1980
|
| Izdaja: | 1a. ed |
| Teme: | |
| Oznake: |
Označite
Brez oznak, prvi označite!
|
MARC
| LEADER | 00000cam a2200000 a 4500 | ||
|---|---|---|---|
| 001 | UCC4312 | ||
| 003 | CL-VaPUC | ||
| 008 | 180727e19800000cl |||||||||||||||||spa|d | ||
| 082 | 0 | 4 | |a 346.082 |b PIN |2 21 |
| 100 | 0 | |a Pinto Lavín, Juan A |e author |9 598507 | |
| 245 | 1 | 0 | |a Secreto bancario régimen legal |
| 250 | |a 1a. ed | ||
| 300 | |a 56 p | ||
| 942 | |c BK | ||
| 945 | |d 20180727 12:54:00 |a dcastane | ||
| 260 | |a Santiago |b Ediciones Patmos |c 1980 | ||
| 500 | |a Incluye anexos: sentencia de la Corte Suprema sobre el secreto de la cuenta corriente bancaria. Circular de la Superintendencia de Bancos e Instituciones Financieras | ||
| 650 | 7 | |a SECRETO BANCARIO |2 CL-VaPUC |9 430784 | |
| 583 | |a last modification |c 20180727 12:54:00 |k Rodrigo Vera | ||
| 999 | |c 371865 |d 371863 | ||
| 952 | |0 0 |1 0 |2 ddc |3 erb |4 0 |6 346_082000000000000_PIN_1980 |7 0 |8 A |9 489062 |a BIBDER |b BIBDER |e Mateluna Arestizabal, Alfredo Sergio |i 5482828 |o 346.082 PIN 1980 |p 5482828 |r 2023-01-25 |w 2019-11-24 |y MX |z Catalogado en:20180727 |k DER | ||